Dakwah kepada Non-Muslim di Malaysia : (Record no. 182001)
[ view plain ]
| 000 -LEADER | |
|---|---|
| fixed length control field | 01776nam a2200481 i 4500 |
| 001 - CONTROL NUMBER | |
| control field | vtls000677709 |
| 003 - CONTROL NUMBER IDENTIFIER | |
| control field | PNM |
| 005 - DATE AND TIME OF LATEST TRANSACTION | |
| control field | 20210211105511.0 |
| 008 - FIXED-LENGTH DATA ELEMENTS--GENERAL INFORMATION | |
| fixed length control field | 120521t20172017my g a001 0 may |
| 015 ## - NATIONAL BIBLIOGRAPHY NUMBER | |
| National bibliography number | M181-00065 |
| 020 ## - INTERNATIONAL STANDARD BOOK NUMBER | |
| International Standard Book Number | 9789674120573 |
| Qualifying information | paperback |
| Terms of availability | RM 35.00 |
| 039 #9 - LEVEL OF BIBLIOGRAPHIC CONTROL AND CODING DETAIL [OBSOLETE] | |
| Level of rules in bibliographic description | 201911200945 |
| Level of effort used to assign nonsubject heading access points | masliza |
| Level of effort used to assign subject headings | 201911050759 |
| Level of effort used to assign classification | masliza |
| Level of effort used to assign subject headings | 201908231537 |
| Level of effort used to assign classification | AUTHORITY |
| Level of effort used to assign subject headings | 201908231537 |
| Level of effort used to assign classification | AUTHORITY |
| 040 ## - CATALOGING SOURCE | |
| Original cataloging agency | BNM |
| Language of cataloging | eng |
| Transcribing agency | BNM |
| Modifying agency | PNM |
| -- | PPAK |
| Description conventions | rda |
| 049 ## - LOCAL HOLDINGS (OCLC) | |
| Holding library | klpmal |
| 082 04 - DEWEY DECIMAL CLASSIFICATION NUMBER | |
| Classification number | 297.7409595 |
| Edition number | 23 |
| 090 00 - LOCALLY ASSIGNED LC-TYPE CALL NUMBER (OCLC); LOCAL CALL NUMBER (RLIN) | |
| Classification number (OCLC) (R) ; Classification number, CALL (RLIN) (NR) | 297.7409595 |
| Feature heading | DAK |
| Feature heading | G |
| 245 00 - TITLE STATEMENT | |
| Title | Dakwah kepada Non-Muslim di Malaysia : |
| Remainder of title | Konsep, Metode dan Pengalaman / |
| Statement of responsibility, etc. | disunting oleh ABDUL GHAFAR HAJI DON & ZULKIPLE ABD. GHANI |
| 264 #1 - PRODUCTION, PUBLICATION, DISTRIBUTION, MANUFACTURE, AND COPYRIGHT NOTICE | |
| Place of production, publication, distribution, manufacture | Bangi, Selangor : |
| Name of producer, publisher, distributor, manufacturer | Penerbit Universiti Kebangsaan Malaysia, |
| Date of production, publication, distribution, manufacture, or copyright notice | 2017 |
| Date of production, publication, distribution, manufacture, or copyright notice | ©2017 |
| 300 ## - PHYSICAL DESCRIPTION | |
| Extent | 211 pages ; |
| Dimensions | 23 cm. |
| 336 ## - CONTENT TYPE | |
| Content type term | text |
| Source | rdacontent |
| 337 ## - MEDIA TYPE | |
| Media type term | unmediated |
| Source | rdamedia |
| 338 ## - CARRIER TYPE | |
| Carrier type term | volume |
| Source | rdacarrier |
| 490 1# - SERIES STATEMENT | |
| Series statement | SIRI ISLAM DAN PEMBANGUNAN MALAYSIA |
| 500 ## - GENERAL NOTE | |
| General note | Includes index |
| 504 ## - BIBLIOGRAPHY, ETC. NOTE | |
| Bibliography, etc. note | Bibliography: pages [199]-205 |
| 650 10 - SUBJECT ADDED ENTRY--TOPICAL TERM | |
| Topical term or geographic name entry element | Da'wah (Islam) |
| Geographic subdivision | Malaysia |
| Topical term or geographic name entry element | Islam |
| General subdivision | Missions |
| Geographic subdivision | Malaysia |
| Topical term or geographic name entry element | Government publications |
| Geographic subdivision | Malaysia |
| 700 0# - ADDED ENTRY--PERSONAL NAME | |
| Personal name | Abdul Ghafar Haji Don, |
| Titles and other words associated with a name | Prof. Madya, |
| Relator term | editor. |
| Personal name | Zulkiple Abd. Ghani, |
| Titles and other words associated with a name | Dato', Prof. Dr., |
| Relator term | editor. |
| 830 #0 - SERIES ADDED ENTRY--UNIFORM TITLE | |
| Uniform title | Siri Islam dan pembangunan Malaysia |
| 942 ## - ADDED ENTRY ELEMENTS (KOHA) | |
| Source of classification or shelving scheme | Dewey Decimal Classification |
| Koha item type | Book |
| 949 ## - LOCAL PROCESSING INFORMATION (OCLC) | |
| 6 | 1001390846 |
| a | 297.7409595 DAK D |
| e | 2602902 |
| 6 | 1001390847 |
| a | 297.7409595 DAK D |
| e | 2602903 |
| 6 | 1001390848 |
| a | 297.7409595 DAK D |
| e | 2602904 |
| 6 | 1001390849 |
| a | 297.7409595 DAK D |
| e | 2602905 |
| 6 | 1001390850 |
| a | 297.7409595 DAK D |
| e | 2602906 |
| 6 | 1001379982 |
| a | 297.7409595 DAK D |
| e | 2619115 |
| 6 | 2000602730 |
| 6 | 2000602729 |
| 6 | 2000602728 |
| Withdrawn | Not for loan | Current library | Shelving location | Date acquired | Total Checkouts | Full call number | Barcode | Date last seen | Date last checked out | Koha item type |
|---|---|---|---|---|---|---|---|---|---|---|
| Perpustakaan Alor Setar | Pinjaman Dewasa | 28/02/2021 | 2 | 297.7409595 DAK | A01675742 | 28/02/2023 | 10/10/2022 | Book | ||
| Perpustakaan Awam Sungai Petani | Pinjaman Dewasa | 28/02/2021 | 297.7409595 DAK | A01675743 | 28/02/2021 | Book | ||||
| Perpustakaan Baling | Pinjaman Dewasa | 28/02/2021 | 297.7409595 DAK | A01675745 | 28/02/2021 | Book | ||||
| Perpustakaan Bandar Baharu | Pinjaman Dewasa | 28/02/2021 | 297.7409595 DAK | A01675746 | 28/02/2021 | Book | ||||
| Perpustakaan Kulim | Pinjaman Dewasa | 28/02/2021 | 1 | 297.7409595 DAK | A01675744 | 07/08/2022 | 19/07/2022 | Book | ||
| Perpustakaan Merbok | Pinjaman Dewasa | 28/02/2021 | 297.7409595 DAK | A01675747 | 28/02/2021 | Book |